<?xml version="1.0" encoding="UTF-8"?><?xml-stylesheet type="text/xsl" href="static/style.xsl"?><OAI-PMH xmlns="http://www.openarchives.org/OAI/2.0/" xmlns:xsi="http://www.w3.org/2001/XMLSchema-instance" xsi:schemaLocation="http://www.openarchives.org/OAI/2.0/ http://www.openarchives.org/OAI/2.0/OAI-PMH.xsd"><responseDate>2026-04-17T07:49:20Z</responseDate><request verb="GetRecord" identifier="oai:www.recercat.cat:2072/479019" metadataPrefix="marc">https://recercat.cat/oai/request</request><GetRecord><record><header><identifier>oai:recercat.cat:2072/479019</identifier><datestamp>2025-07-29T23:14:05Z</datestamp><setSpec>com_2072_98</setSpec><setSpec>col_2072_378192</setSpec></header><metadata><record xmlns="http://www.loc.gov/MARC21/slim" xmlns:dcterms="http://purl.org/dc/terms/" xmlns:xsi="http://www.w3.org/2001/XMLSchema-instance" xmlns:doc="http://www.lyncode.com/xoai" xsi:schemaLocation="http://www.loc.gov/MARC21/slim http://www.loc.gov/standards/marcxml/schema/MARC21slim.xsd">
   <leader>00925njm 22002777a 4500</leader>
   <datafield ind2=" " ind1=" " tag="042">
      <subfield code="a">dc</subfield>
   </datafield>
   <datafield ind2=" " ind1=" " tag="720">
      <subfield code="a">Bonfill, X. (Xavier)</subfield>
      <subfield code="e">author</subfield>
   </datafield>
   <datafield ind2=" " ind1=" " tag="720">
      <subfield code="a">Puig Reixach, Maria Teresa</subfield>
      <subfield code="e">author</subfield>
   </datafield>
   <datafield ind2=" " ind1=" " tag="720">
      <subfield code="a">Bolibar i Ribas, Ignasi</subfield>
      <subfield code="e">author</subfield>
   </datafield>
   <datafield ind2=" " ind1=" " tag="720">
      <subfield code="a">Quintana Ruiz, Maria Jesús</subfield>
      <subfield code="e">author</subfield>
   </datafield>
   <datafield ind2=" " ind1=" " tag="260">
      <subfield code="c">2008</subfield>
   </datafield>
   <datafield ind2=" " ind1=" " tag="520">
      <subfield code="a">Lung cancer is currently the most frequent cause of death from cancer worldwide, warranting periodic analysis of the development and results of strategies aimed at reducing the incidence, mortality and morbidity related to this disease in Spain. Preventive aspects: Mortality reduction among men contrasts with the increase observed in women, reflecting changes in tobacco exposure in the last few decades. Prevention programs aimed specifically at women and youngsters should be developed. In addition, the current law of smoking prevention should be amplified and vigorously applied. Aspects related to early diagnosis: So far, there is insufficient scientific evidence to initiate a population-based lung cancer screening program. Preferential health care circuits are required to guarantee coordination among centres and levels of care and to substantially reduce current delays in the diagnosis and treatment of patients with lung cancer. Treatment-related aspects: Therapeutic decisions in all lung cancer patients should be based on teamwork and scientific evidence. Palliative care deserves the same priority as oncological treatments. Lung cancer patients should participate more fully in therapeutic decisions. Better information systems are required for clinical assessment and research on this disease.</subfield>
   </datafield>
   <datafield tag="653" ind2=" " ind1=" ">
      <subfield code="a">Cáncer de pulmón</subfield>
   </datafield>
   <datafield tag="653" ind2=" " ind1=" ">
      <subfield code="a">Estrategias de control</subfield>
   </datafield>
   <datafield ind2="0" ind1="0" tag="245">
      <subfield code="a">El control del cáncer de pulmón en España : Un análisis de la situación actual. Informe SESPAS 2008</subfield>
   </datafield>
</record></metadata></record></GetRecord></OAI-PMH>